000 00504nam a2200181Ia 4500
008 240925s9999 xx 000 0 und d
020 _a9781259064784
082 _a517 RUD
100 _aRudin, Walter
245 0 _aPrinciples of Mathematical Analysis
250 _a3rd
260 _aNew Delhi:
_bMcGraw Hill Education (India) Private Limited
_c,2014.
300 _a554p.
_b0
_fOriginal
500 _aIncludes Index
600 _aHumanities & Natural Science
650 _aMathematics
942 _cBK
999 _c16954
_d16954